[Event "SG SC Mühldorf/SK Schwabach 1-SG Gunzen"]
[Site "?"]
[Date "2013.02.11"]
[Round "7.3"]
[White "Sikorsky, Reinhard"]
[Black "Greul, Hans"]
[Result "1/2-1/2"]
[WhiteElo "1663"]
[BlackElo "1985"]
[PlyCount "103"]
[EventDate "2013.??.??"]
[WhiteTeam "SG Gunzenhausen/Weißenburg 2"]
[BlackTeam "SG SC Mühldorf/SK Schwabach 1"]

1. e4 e6 2. d4 d5 3. Nc3 Nf6 4. Bg5 Bb4 5. e5 h6 6. Bd2 Bxc3 7. bxc3 Ne4 8. Qg4
Kf8 9. Bd3 Nxd2 10. Kxd2 c5 11. f4 Qa5 12. Nf3 Nc6 13. Rhb1 cxd4 14. Rb3 dxc3+
15. Ke2 b6 16. a4 Ba6 17. f5 Bxd3+ 18. cxd3 h5 19. Qf4 exf5 20. Qxf5 Re8 21.
Qd7 Qc5 22. Rb5 Nxe5 23. Qxe8+ Kxe8 24. Rxc5 bxc5 25. Nxe5 Ke7 26. Nc6+ Kd6 27.
Nxa7 Re8+ 28. Kf2 d4 29. Nb5+ Kc6 30. Ra3 Re6 31. Ra2 Kb6 32. Re2 Ka5 33. Rxe6
fxe6 34. Ke2 Kxa4 35. Nd6 Kb3 36. Kd1 Kb4 37. Kc2 Ka5 38. Kb3 Kb6 39. Ne8 g6
40. Ng7 e5 41. Ne6 Kc6 42. Ng5 Kd5 43. h4 Kd6 44. Ne4+ Kc6 45. Ng5 Kd5 46. g3
Kd6 47. Ne4+ Kc6 48. Nf6 Kd6 49. Ne4+ Kd5 50. Nf6+ Ke6 51. Ne4 Kf5 52. Nf2
1/2-1/2

[Event "SG SC Mühldorf/SK Schwabach 1-SG Gunzen"]
[Site "?"]
[Date "2013.02.11"]
[Round "7.4"]
[White "Reuter, Roland"]
[Black "Gajewski, Richard"]
[Result "1-0"]
[WhiteElo "1947"]
[BlackElo "1617"]
[Annotator ",User"]
[PlyCount "83"]
[EventDate "2013.??.??"]
[WhiteTeam "SG SC Mühldorf/SK Schwabach 1"]
[BlackTeam "SG Gunzenhausen/Weißenburg 2"]

1. d4 {[%emt 0:00:00]} e6 2. c4 b6 3. Nc3 Bb4 4. Nf3 Bb7 5. e3 f5 6. Be2 Nf6 7.
Bd2 O-O 8. a3 Bxc3 9. Bxc3 Ne4 10. Qc2 d6 11. O-O Rf6 12. Rad1 Rg6 13. d5 Nxc3
14. bxc3 Bc8 15. Bd3 Qf6 16. e4 Na6 17. exf5 exf5 18. Nd4 Rg4 19. f4 Rh4 20.
Qe2 g6 21. Qe8+ Qf8 22. Qc6 Rb8 23. Rfe1 Bb7 24. Qd7 Rd8 25. Qb5 Nc5 26. Be2
Rh6 27. Bf3 a6 28. Qb2 Qf6 29. Re3 g5 30. fxg5 Qxg5 31. Rde1 Rf6 32. Qd2 Qg6
33. Qf2 Rdf8 34. Qh4 Qh6 35. Nxf5 Rxf5 36. Qxh6 b5 37. Re7 R5f7 38. Rxf7 Kxf7
39. Qxh7+ Kf6 40. Qh6+ Kf7 41. Bh5+ Kg8 42. Bg6 1-0

[Event "SG SC Mühldorf/SK Schwabach 1-SG Gunzen"]
[Site "?"]
[Date "2013.02.11"]
[Round "7.5"]
[White "Horndasch, Lulu"]
[Black "Wirth, Karl-Heinz"]
[Result "0-1"]
[WhiteElo "1583"]
[BlackElo "1868"]
[PlyCount "68"]
[EventDate "2013.??.??"]
[WhiteTeam "SG Gunzenhausen/Weißenburg 2"]
[BlackTeam "SG SC Mühldorf/SK Schwabach 1"]

1. e4 e5 2. Nf3 f5 3. d3 d6 4. Nc3 Nf6 5. exf5 Bxf5 6. Nh4 Be6 7. b3 Be7 8. Be2
O-O 9. O-O Nc6 10. Bb2 Nd4 11. Nf3 Nxe2+ 12. Qxe2 c5 13. Rad1 Bd7 14. Rfe1 Qe8
15. Qd2 Qh5 16. Ne4 Bg4 17. Ng3 Qe8 18. h3 Bxf3 19. gxf3 Nd5 20. c4 Nf4 21. Kh2
Qd7 22. Qxf4 Rxf4 23. Kg2 Raf8 24. Re3 Bh4 25. Ne4 Qf5 26. Nd2 Rf6 27. Rh1 Rg6+
28. Kf1 Qg5 29. Ke2 Bxf2 30. Ne4 Rxe4 31. Rxe4 Qg2 32. Rf1 Bh4+ 33. Ke3 Qxf1
34. Rg4 Qe1# 0-1

[Event "SG SC Mühldorf/SK Schwabach 1-SG Gunzen"]
[Site "?"]
[Date "2013.02.11"]
[Round "7.6"]
[White "Pröschel, Gerhard"]
[Black "Pöschl, Herbert"]
[Result "1-0"]
[WhiteElo "1861"]
[BlackElo "1532"]
[PlyCount "63"]
[EventDate "2013.??.??"]
[WhiteTeam "SG SC Mühldorf/SK Schwabach 1"]
[BlackTeam "SG Gunzenhausen/Weißenburg 2"]

1. e4 e5 2. f4 exf4 3. Bc4 d6 4. d4 g5 5. h4 g4 6. Bxf4 Be7 7. g3 Bf6 8. Nc3
Nc6 9. Nge2 Nge7 10. O-O O-O 11. Qd2 Bg7 12. a3 Na5 13. Ba2 Be6 14. d5 Bd7 15.
b4 f5 16. Bh6 Ng6 17. Bxg7 Kxg7 18. bxa5 Ne5 19. Nd4 c5 20. dxc6 bxc6 21. Kh1
Qxa5 22. exf5 Kh8 23. Ne4 Qxd2 24. Nxd2 c5 25. Ne6 Bc6+ 26. Kg1 Rf6 27. Rf4 h5
28. Ng5 d5 29. Re1 Re8 30. Ne6 Nf7 31. Nb3 Ba4 32. Rxa4 1-0

[Event "SG SC Mühldorf/SK Schwabach 1-SG Gunzen"]
[Site "?"]
[Date "2013.02.11"]
[Round "7.7"]
[White "Angel, Michael"]
[Black "Leis, Stefan"]
[Result "0-1"]
[WhiteElo "1236"]
[BlackElo "1849"]
[PlyCount "80"]
[EventDate "2013.??.??"]
[WhiteTeam "SG Gunzenhausen/Weißenburg 2"]
[BlackTeam "SG SC Mühldorf/SK Schwabach 1"]

1. d4 Nf6 2. c4 c5 3. d5 b5 4. cxb5 a6 5. e3 axb5 6. Ne2 g6 7. g3 d6 8. Bg2 Bg7
9. O-O O-O 10. Nbc3 b4 11. Ne4 Nxe4 12. Bxe4 Ba6 13. Re1 Nd7 14. Nf4 Nb6 15.
Rb1 c4 16. Ne2 Bb7 17. a3 b3 18. Nc3 Bxc3 19. bxc3 e5 20. Bg2 Na4 21. Qd2 Qa5
22. Bb2 Nxb2 23. Rxb2 Qxa3 24. e4 Qc5 25. h4 Ra7 26. Kh2 Kg7 27. Qe3 Qxe3 28.
Rxe3 Rfa8 29. Ree2 Bc8 30. Bh3 Bxh3 31. Kxh3 Ra2 32. f4 Rxb2 33. Rxb2 Ra2 34.
Rb1 f6 35. fxe5 fxe5 36. Kg4 h5+ 37. Kf3 Rc2 38. Ke3 b2 39. Kf3 Rxc3+ 40. Kg2
Rb3 0-1

[Event "SG Büchenbach/Roth e.V. 2-SK Neumarkt e"]
[Site "?"]
[Date "2013.02.11"]
[Round "7.1"]
[White "Mösl, Sebastian"]
[Black "Roß, Thomas"]
[Result "1-0"]
[WhiteElo "1819"]
[BlackElo "1989"]
[PlyCount "61"]
[EventDate "2013.??.??"]
[WhiteTeam "SK Neumarkt e.V. 1"]
[BlackTeam "SG Büchenbach/Roth e.V. 2"]

1. e4 d6 2. d4 Nf6 3. Nc3 e5 4. Nf3 exd4 5. Nxd4 Be7 6. Bc4 O-O 7. O-O a6 8. a4
c5 9. Nf3 Nc6 10. h3 h6 11. Re1 Nb4 12. Bf4 Be6 13. Nd5 Nbxd5 14. Bxd5 Nxd5 15.
exd5 Bf5 16. Ra3 Bf6 17. Rb3 Qc7 18. a5 Qxa5 19. Bxd6 Rfd8 20. Be7 Bxe7 21.
Rxe7 Be6 22. Rbxb7 Rxd5 23. Qe2 Rad8 24. Rxe6 fxe6 25. Qxe6+ Kh7 26. Qf7 Rd1+
27. Kh2 Rg8 28. Ng5+ Kh8 29. Qg6 Rh1+ 30. Kg3 hxg5 31. Qh5# 1-0

[Event "SG Büchenbach/Roth e.V. 2-SK Neumarkt e"]
[Site "?"]
[Date "2013.02.11"]
[Round "7.2"]
[White "Ludwig, Michael"]
[Black "Simon, Martin"]
[Result "1/2-1/2"]
[WhiteElo "1860"]
[BlackElo "1897"]
[PlyCount "101"]
[EventDate "2013.??.??"]
[WhiteTeam "SG Büchenbach/Roth e.V. 2"]
[BlackTeam "SK Neumarkt e.V. 1"]

1. e4 e5 2. Nf3 Nc6 3. Bb5 a6 4. Bxc6 dxc6 5. d3 Bd6 6. Be3 Be6 7. O-O Qd7 8.
Nc3 f6 9. Ne2 g5 10. d4 g4 11. Nd2 O-O-O 12. c4 exd4 13. Nxd4 h5 14. Rb1 h4 15.
Nxe6 Qxe6 16. Qe2 Nh6 17. b4 Qe5 18. g3 Qh5 19. b5 axb5 20. cxb5 c5 21. Nc4 Nf7
22. Nxd6+ Rxd6 23. Bf4 Ne5 24. Bxe5 fxe5 25. Rfd1 Rd4 26. b6 hxg3 27. fxg3
Rxd1+ 28. Rxd1 cxb6 29. Rd6 Kc7 30. Rf6 Qg5 31. Rf5 Qc1+ 32. Kg2 Rd8 33. Qxg4
Rd2+ 34. Kh3 Qh1 35. Qg7+ Kb8 36. Qxe5+ Ka7 37. g4 Qg2+ 38. Kh4 Rxa2 39. Rf8
Qxh2+ 40. Qxh2 Rxh2+ 41. Kg3 Re2 42. Kf3 Re1 43. Rc8 Ka6 44. g5 Kb5 45. Kf4 Kc4
46. g6 Rg1 47. Kf5 b5 48. Rb8 b4 49. Rxb7 b3 50. e5 Kd5 51. g7 1/2-1/2

[Event "SG Büchenbach/Roth e.V. 2-SK Neumarkt e"]
[Site "?"]
[Date "2013.02.11"]
[Round "7.3"]
[White "Bothe, Matthias"]
[Black "Muskat, Gunter"]
[Result "1/2-1/2"]
[WhiteElo "1876"]
[BlackElo "1876"]
[PlyCount "58"]
[EventDate "2013.??.??"]
[WhiteTeam "SK Neumarkt e.V. 1"]
[BlackTeam "SG Büchenbach/Roth e.V. 2"]

1. c4 Nf6 2. g3 c6 3. Bg2 d5 4. Nf3 dxc4 5. Qc2 b5 6. a4 Bb7 7. Na3 a6 8. Ne5
Qc7 9. d4 e6 10. O-O Bd6 11. Bf4 Nd5 12. Bxd5 exd5 13. Nxf7 Qxf7 14. Bxd6 Qe6
15. Be5 O-O 16. f4 Nd7 17. Rae1 Rae8 18. e4 dxe4 19. Qxe4 Ba8 20. f5 Qf7 21.
Qg4 Nf6 22. Bxf6 Qxf6 23. Re5 Rxe5 24. dxe5 Qxe5 25. f6 Qe3+ 26. Rf2 g6 27. Qd7
Qc1+ 28. Rf1 Qe3+ 29. Rf2 Qc1+ 1/2-1/2

[Event "SG Büchenbach/Roth e.V. 2-SK Neumarkt e"]
[Site "?"]
[Date "2013.02.11"]
[Round "7.4"]
[White "Classen, Anton"]
[Black "Kipferl, Wolfgang"]
[Result "1/2-1/2"]
[WhiteElo "1817"]
[BlackElo "1825"]
[PlyCount "101"]
[EventDate "2013.??.??"]
[WhiteTeam "SG Büchenbach/Roth e.V. 2"]
[BlackTeam "SK Neumarkt e.V. 1"]

1. e4 d6 2. d4 g6 3. f4 Bg7 4. Nf3 c6 5. c3 Nf6 6. Bd3 O-O 7. O-O Bg4 8. h3
Bxf3 9. Rxf3 Nbd7 10. e5 Ne8 11. Na3 e6 12. Be3 Qe7 13. Qc2 Rc8 14. Raf1 c5 15.
exd6 Nxd6 16. dxc5 Nxc5 17. Rd1 a6 18. Bxc5 Rxc5 19. Qf2 Rd5 20. Nc2 Ne4 21.
Qe1 Nc5 22. Nb4 Rd7 23. Bc2 Rxd1 24. Qxd1 Rd8 25. Qe2 a5 26. Nd3 Nxd3 27. Rxd3
Rxd3 28. Bxd3 Qc5+ 29. Kh2 Qd6 30. g3 Qd5 31. c4 Qd4 32. b3 Bf8 33. Be4 Bc5 34.
Qg2 b6 35. Bc6 f6 36. Bb5 h6 37. Qa8+ Kf7 38. Qe8+ Kg7 39. Qd7+ Qxd7 40. Bxd7
Kf7 41. Kg2 Ke7 42. Bb5 f5 43. Kf3 Kf6 44. g4 g5 45. gxf5 exf5 46. fxg5+ hxg5
47. Bd7 Ke5 48. Ke2 Kf4 49. Kf1 Ke4 50. Ke2 f4 51. Bg4 1/2-1/2

[Event "SG Büchenbach/Roth e.V. 2-SK Neumarkt e"]
[Site "?"]
[Date "2013.02.11"]
[Round "7.5"]
[White "Brunner, Wolfgang"]
[Black "Schönberger, Andreas"]
[Result "0-1"]
[WhiteElo "1862"]
[BlackElo "1815"]
[PlyCount "119"]
[EventDate "2013.??.??"]
[WhiteTeam "SK Neumarkt e.V. 1"]
[BlackTeam "SG Büchenbach/Roth e.V. 2"]

1. d4 Nf6 2. c4 g6 3. Nc3 Bg7 4. e4 d6 5. f3 O-O 6. Be3 Nbd7 7. Qd2 e5 8. d5
Nh5 9. O-O-O f5 10. Bg5 Ndf6 11. exf5 gxf5 12. Bd3 Qe8 13. Nh3 a6 14. Kb1 Bd7
15. Qc2 b5 16. Nf2 bxc4 17. Bxc4 Qg6 18. Bxf6 Nxf6 19. Nd3 Kh8 20. g3 Bh6 21.
Nf2 Qh5 22. Be2 Qf7 23. Ka1 Be3 24. Bc4 Qh5 25. Qe2 Bd4 26. h3 Rfb8 27. g4 Qh4
28. Rd2 Rb4 29. Nfd1 fxg4 30. Bb3 gxh3 31. Qd3 Rg8 32. Rdh2 Nh5 33. Bc2 Rg6 34.
Qxa6 Rg5 35. Qa8+ Rg8 36. Qa5 Bb6 37. Qa6 Ng3 38. Re1 Nf5 39. Qe2 Nd4 40. Qf1
Nxc2+ 41. Rxc2 Rg1 42. Qxg1 Bxg1 43. Rxg1 Qd4 44. Rf1 Qd3 45. Rff2 Rf4 46. Rcd2
Qg6 47. a3 Qf7 48. Ne4 h6 49. Rd3 Bf5 50. Rfd2 Rh4 51. Ndf2 h2 52. Nh1 Qg6 53.
Rd1 Qg2 54. Rc3 Bxe4 55. fxe4 Qxe4 56. Rxc7 Rg4 57. Rc8+ Kh7 58. Rc7+ Kg6 59.
Rcc1 Rg2 60. Rc6 0-1

[Event "SG Büchenbach/Roth e.V. 2-SK Neumarkt e"]
[Site "?"]
[Date "2013.02.11"]
[Round "7.6"]
[White "Roß, Sandra"]
[Black "Niebler, Andreas"]
[Result "1/2-1/2"]
[WhiteElo "1709"]
[BlackElo "1784"]
[PlyCount "133"]
[EventDate "2013.??.??"]
[WhiteTeam "SG Büchenbach/Roth e.V. 2"]
[BlackTeam "SK Neumarkt e.V. 1"]

1. e4 g6 2. Nc3 Bg7 3. Nf3 d6 4. d3 c6 5. a4 Nf6 6. g3 Qc7 7. Bg2 Nbd7 8. O-O
O-O 9. h3 Re8 10. d4 e5 11. dxe5 dxe5 12. Be3 Nf8 13. Qe2 b6 14. Rfd1 Be6 15.
Ng5 Rad8 16. Nxe6 Nxe6 17. Qc4 Qc8 18. Bf1 Nd4 19. Ne2 c5 20. Bg2 Qe6 21. Qxe6
Nxe2+ 22. Kf1 Nxg3+ 23. fxg3 fxe6 24. Bg5 h6 25. Bxf6 Bxf6 26. Bf3 Kf7 27. h4
Ke7 28. Be2 Rd4 29. Bf3 Red8 30. c3 Rd2 31. Rab1 g5 32. h5 R2d3 33. Rxd3 Rxd3
34. Ke2 Rd6 35. g4 Kd7 36. Rd1 c4 37. Rxd6+ Kxd6 38. Kd2 Kc5 39. Be2 Be7 40.
Kc2 a6 41. Bf1 b5 42. axb5 axb5 43. b4+ cxb3+ 44. Kxb3 Bd8 45. Kc2 b4 46. cxb4+
Kd4 47. Bd3 Ke3 48. Bc4 Kxe4 49. Kd2 Kf3 50. Be2+ Kf2 51. Bd3 Kf3 52. Be2+ Kf2
53. Bd3 Bb6 54. Kd1 Ke3 55. Be2 Kf2 56. Bd3 Ba7 57. Bc4 e4 58. Bxe6 e3 59. Bc4
Bd4 60. Bb5 Bc3 61. Bc4 Bxb4 62. Bb5 Kf3 63. Be2+ Kg3 64. Kc2 Kf2 65. Kd3 Ba5
66. Bd1 Bb6 67. Be2 1/2-1/2

[Event "SG Büchenbach/Roth e.V. 2-SK Neumarkt e"]
[Site "?"]
[Date "2013.02.11"]
[Round "7.7"]
[White "Beer, Franz Xaver"]
[Black "Kittsteiner, Peter"]
[Result "1/2-1/2"]
[WhiteElo "1773"]
[BlackElo "1832"]
[PlyCount "41"]
[EventDate "2013.??.??"]
[WhiteTeam "SK Neumarkt e.V. 1"]
[BlackTeam "SG Büchenbach/Roth e.V. 2"]

1. c4 e5 2. Nc3 d6 3. Nf3 Nc6 4. d4 exd4 5. Nxd4 h6 6. e3 Nf6 7. Be2 Be7 8. O-O
O-O 9. Nxc6 bxc6 10. Bf3 Bb7 11. b3 Qd7 12. Ba3 Rad8 13. Qc2 Qe6 14. Rad1 Rfe8
15. h3 Qc8 16. Rd2 Rf8 17. Rfd1 Nh7 18. Kh2 f5 19. Bb2 g5 20. Kg1 Bf6 21. g4
1/2-1/2

[Event "SG Büchenbach/Roth e.V. 2-SK Neumarkt e"]
[Site "?"]
[Date "2013.02.11"]
[Round "7.8"]
[White "Müller, Maximilian"]
[Black "Junker, Christian"]
[Result "1-0"]
[WhiteElo "1797"]
[BlackElo "1683"]
[PlyCount "83"]
[EventDate "2013.??.??"]
[WhiteTeam "SG Büchenbach/Roth e.V. 2"]
[BlackTeam "SK Neumarkt e.V. 1"]

1. e4 c5 2. Nf3 d6 3. Nc3 Nc6 4. d4 cxd4 5. Nxd4 g6 6. Be2 Bg7 7. Be3 Nf6 8. f3
Bd7 9. Qd2 Qa5 10. O-O-O Rc8 11. Kb1 O-O 12. g4 d5 13. Nxc6 Bxc6 14. Nxd5 Qd8
15. Nxf6+ Bxf6 16. Qxd8 Rfxd8 17. Bxa7 Be5 18. h3 Bc7 19. Rxd8+ Rxd8 20. Bc5
Kf8 21. Rd1 Rxd1+ 22. Bxd1 Bb5 23. Bf2 Kg7 24. h4 Kf6 25. Bd4+ Ke6 26. b3 Bf1
27. h5 Be5 28. c3 Bd3+ 29. Kb2 Kf6 30. Be3 Bg3 31. g5+ Ke5 32. hxg6 fxg6 33.
Kc1 Be1 34. Bc2 Bxc2 35. Kxc2 Bg3 36. Kd3 Bf4 37. a4 e6 38. b4 Bg3 39. a5 Kd6
40. f4 e5 41. f5 gxf5 42. exf5 1-0